Cung cấp điện an toàn điện và chống sét cho nhà ở và công trình công cộng

Enregistré dans:
Détails bibliographiques
Auteur principal: Trương, Tri Ngộ
Format: Livre
Langue:Undetermined
Publié: H. Xây dựng 2005
Sujets:
Accès en ligne:http://lrc.tdmu.edu.vn/opac/search/detail.asp?aID=2&ID=3584
Tags: Ajouter un tag
Pas de tags, Soyez le premier à ajouter un tag!
Thư viện lưu trữ: Trung tâm Học liệu Trường Đại học Thủ Dầu Một
LEADER 00733nam a2200193Ia 4500
001 TDMU_3584
008 210410s9999 xx 000 0 und d
082 |a 621.31 
090 |b T773 
100 |a Trương, Tri Ngộ 
245 0 |a Cung cấp điện an toàn điện và chống sét cho nhà ở và công trình công cộng 
245 0 |c Trương Tri Ngộ 
260 |a H. 
260 |b Xây dựng 
260 |c 2005 
300 |a 179tr. 
650 |a Công trình công cộng  |x Xây dựng; Nhà ở  |x Xây dựng; Cung cấp điện 
856 |u http://lrc.tdmu.edu.vn/opac/search/detail.asp?aID=2&ID=3584 
980 |a Trung tâm Học liệu Trường Đại học Thủ Dầu Một